MARC

Tag First Indicator Second Indicator Subfields
LEADER 00000cam a2200000 a 4500
001 in00001396551
005 20151020051740.0
008 970226s1997 enk b 001 0 eng
010 |a  97010036  
015 |a GB97-77074 
019 |a 38592188 
020 |a 0198186193 (acid-free paper) 
035 |a (OCoLC)36485974 
035 |9 AHM0760AM 
040 |a DLC  |c DLC  |d UKM  |d TXA  |d UtOrBLW 
043 |a e-uk--- 
049 |a TXAM 
050 0 0 |a PR2981.5  |b .P34 1997 
082 0 0 |a 822.3/3  |2 21 
100 1 |a Palfrey, Simon. 
245 1 0 |a Late Shakespeare :  |b a new world of words /  |c Simon Palfrey. 
264 1 |a Oxford [England] :  |b Clarendon Press ;  |a New York :  |b Oxford University Press,  |c 1997. 
300 |a ix, 298 pages ;  |c 23 cm. 
336 |a text  |b txt  |2 rdacontent 
337 |a unmediated  |b n  |2 rdamedia 
338 |a volume  |b nc  |2 rdacarrier 
490 1 |a Oxford English monographs 
504 |a Includes bibliographical references (pages [267]-289) and index. 
600 1 0 |a Shakespeare, William,  |d 1564-1616  |x Tragicomedies. 
600 1 0 |a Shakespeare, William,  |d 1564-1616  |x Political and social views. 
650 0 |a Politics and literature  |z Great Britain  |x History  |y 17th century. 
650 0 |a Political plays, English  |x History and criticism. 
600 1 |a Shakespeare, William,  |d 1564-1616  |x Literary style. 
650 0 |a Violence in literature. 
650 0 |a Tragicomedy. 
650 0 |a Metaphor. 
600 1 4 |a Shakespeare, William,  |d 1564-1616  |x Tragicomedies. 
600 1 4 |a Shakespeare, William,  |d 1564-1616  |x Political and social views. 
830 0 |a Oxford English monographs. 
948 |a c:jlg 
999 |a MARS 
999 f f |s d6f74980-68ae-3936-b8ad-a3021bc554a4  |i 681aad8c-794e-33be-a852-bc48fa0d01c9  |t 0 
952 f f |p normal  |a Texas A&M University  |b College Station  |c Sterling C. Evans Library  |d Evans: Library Stacks  |t 0  |e PR2981.5 .P34 1997  |h Library of Congress classification  |i unmediated -- volume  |m A14822464112 
998 f f |a PR2981.5 .P34 1997  |t 0  |l Evans: Library Stacks